000 00676nam a2200181Ia 4500
008 151202s9999||||xx |||||||||||||| ||und||
082 _bPNVM-46577
100 _aलिमये सुहास.
245 _aनर्मदे हर ! हर नर्मदे.
260 _b"लिमये कुल विश्वस्त निध्ी करिता,पुणे."
260 _c2005
300 _a248
600 _aलिमये सुहास.
630 _aनर्मदे हर ! हर नर्मदे.
700 _aलिमये सुहास.
730 _aनर्मदे हर ! हर नर्मदे.
942 _cBOOK
999 _c1312527
_d1312524